000 00589nam a2200193Ii 4500
003 JO-AjNU
008 230605s9999||||xx |||||||||||||| ||und||
017 _a1983/8/435
040 _aJO-AjNU
_bara
_erda
_cJO-AjNU
041 _aara
050 1 4 _aQ180.A1.U2234 1983
245 0 0 _aالبحث العلمي: مفهومه أدواته أساليبه
264 3 1 _aعمان: دار مجدلاوي، 1983
300 _a324ص
336 _atext
_btxt
_2rdacontent
337 _aunmediated
_bn
_2rdamedia
338 _avolume
_bnc
_2rdacarrier
650 4 _aالبحث-طرق البحث
_959430
999 _aA26743
_c30311
_d30311